000 00298nam a2200121Ia 4500
008 220204s9999 xx 000 0 und d
082 _bBHA
100 _aJohnson, Gouri K
245 0 _aStatistical concepts and methods
260 _aNew York
_bJohn Wiley
_c1977
700 _aRichard A
942 _cBK
999 _c26328
_d26328